00930 2200325 4500001002100000005001500021035002000036007000300056008004100059020002200100040002200122082001400144084001600158090001900174100003000193245007000223250001800293300003100311650002900342850001200371041000800383264003800391336002100429337003000450338002300480700002800503504003300531990002000564990002000584INLIS00000000087484320221018013246 a0010-1022000286ta190326s2021 yoi g ind d a978-602-0862-86-6 aYOPDYOGbinderda04223a634.6 a634.6 DED k aPK 634.6 DED k0 aDedhy Ramadhanepengarang10aKaya dari buah srikaya /cDedhy Ramadhan; penyunting, Abd. Kholiq aCetakan, 2021 aviii, 118 halaman ;c21 cm 4aBuah Srikaya--xBudidaya aYOPDYOG0 aind31aYogyakarta :bIstana Media,c2021 2rdacontentateks 2rdamediaatanpa perantara 2rdacarrieravolume0 aAbd. Kholiqepenyunting aBibliografi: halaman 117-118 a69753-PD/A.2022 a69754-PD/A.2022